000 01011cam a2200265 i 4500
001 18802014
003 OSt
005 20230819105140.0
008 150929s2017 mau b 001 0 eng
010 _a 2015953360
020 _a9789353505554
040 _aDLC
_beng
_erda
_cDLC
_dDLC
042 _apcc
050 0 0 _aHD30.28
_b.H53 2017
082 0 0 _a658.4012
_bHIL/S
100 _a Hill, Charles W L
_eauthor.
_91305
245 1 0 _aStrategic management :
_ban integrated approach theory & cases /
_cCharles W.L. Hill, University of Washington - Foster School of Business, Melissa A. Schilling, New York University - Stern School of Business, Gareth R. Jones.
250 _a12e.
264 1 _aBoston, MA :
_bCengage Learning,
_c[2017]
300 _a (various paging) ;
_c26 cm
504 _aIncludes bibliographical references and index.
650 0 _aStrategic planning
_vCase studies.
650 0 _aManagement
_vCase studies.
942 _2ddc
_cBK
_h658.4012
_iHIL/S
_k658.4012
_mHIL/S
999 _c41913
_d41913